000 00500nam a2200169Ia 4500
999 _c13798
_d13798
003 OSt
005 20230916145103.0
008 190216s9999||||xx |||||||||||||| ||und||
040 _coclc
082 _a822.3
_bMAR/E
100 1 _aMarlowe, Christopher,
_d1564-1593
_95286
245 0 _aEdward The Second /
_cChristopher Marlowe
260 _bMacmillan India Ltd,
_c1977.
_aMadras:
300 _a123p
650 _aEnglish Drama
942 _cBK
_2ddc
_h822.3
_iMAR/E
_k822.3
_mMAR/E